| 000 | 00342nam a2200145Ia 4500 | ||
|---|---|---|---|
| 005 | 20251222151326.0 | ||
| 008 | 251222s9999||||xx |||||||||||||| ||spa|| | ||
| 020 | _a847822355X | ||
| 082 | _a862/G45 | ||
| 100 | _aGil Albors, J.A. | ||
| 245 | 0 | _aLa Barca de Caronte | |
| 250 | _a1ra.ed. | ||
| 264 | _bIns. Alfons El Magnánim | ||
| 942 | _cLIB | ||
| 999 |
_c23914 _d23914 |
||